México en el nuevo orden comercial y global /

Bibliographic Details
Other Authors: Mateo y Venturini, Fernando de (Editor), Vega Cánovas, Gustavo (Editor)
Format: Electronic eBook
Language:Spanish
Published: Ciudad de México, México : El Colegio de México, 2023.
Edition:Primera edición.
Series:Colección Miradas múltiples para pensar a México y al mundo ; 07.
Subjects:
Online Access:Digitalia Hispánica

MARC

LEADER 00000nam a2200000 i 4500
001 DIGCOLMX0531
003 NyNyDIG
006 m o d
007 cr |||||||||||
008 240104s2023 mx a ob 000 0 spa d
035 |a (OCoLC)1419043887 
040 |a DGITA  |b eng  |e rda  |e pn  |c DGITA 
020 |a 9786075645469  |q (ePub) 
020 |z 9786075645117  |q (volumen 07) 
043 |a n-mx---  
050 1 4 |a HF3258.M6 ebook 
245 0 0 |a México en el nuevo orden comercial y global /  |c Fernando de Mateo y Venturini, Gustavo Florentino Vega Cánovas, editores. 
250 |a Primera edición. 
264 1 |a Ciudad de México, México :  |b El Colegio de México,  |c 2023. 
300 |a 1 online resource :  |b illustrations. 
336 |a text  |b txt  |2 rdacontent 
337 |a computer file  |b c  |2 rdamedia 
338 |a online resource  |b cr  |2 rdacarrier 
347 |a text file  |2 rdaft 
347 |b EPUB 
490 1 |a Miradas múltiples para pensar a México y al mundo ;  |v 07 
504 |a Includes bibliographical references. 
588 0 |a Online resource; title from ePub title page (Digitalia, viewed January 4, 2024) 
651 0 |a Mexico  |x Commercial treaties. 
651 0 |a Mexico  |x Commercial policy. 
700 1 |a Mateo y Venturini, Fernando de,  |e editor. 
700 1 |a Vega Cánovas, Gustavo,  |e editor. 
776 0 8 |i Print version:  |t México en el nuevo orden comercial y global.  |b Primera edición.  |d Ciudad de México, México : El Colegio de México, 2023  |z 9786075645117 
791 2 |a Digitalia (Firm),  |e distributor. 
793 0 |g Digitalia eBook Collection:  |a El Colegio de México 
830 0 |a Colección Miradas múltiples para pensar a México y al mundo ;  |v 07. 
856 4 0 |3 Digitalia Hispánica  |u https://www.digitaliapublishing.com/a/133056/ 
910 |a Premium collection: 2024